General Principles of Criminal Law / (Record no. 613363)
[ view plain ]
| 000 -LEADER | |
|---|---|
| fixed length control field | 00352nam a22001337a 4500 |
| 082 ## - DEWEY DECIMAL CLASSIFICATION NUMBER | |
| Classification number | 345.5491 |
| Author Mark | IQB |
| 100 ## - MAIN ENTRY--PERSONAL NAME | |
| Personal name | M. Iqbal, M.A. |
| 9 (RLIN) | 128381 |
| 245 ## - TITLE STATEMENT | |
| Title | General Principles of Criminal Law / |
| Statement of responsibility, etc. | M.A. M. Iqbal |
| 260 ## - PUBLICATION, DISTRIBUTION, ETC. | |
| Place of publication, distribution, etc. | Lahore : |
| Name of publisher, distributor, etc. | PLD Publishers, |
| Date of publication, distribution, etc. | 2023. |
| 300 ## - PHYSICAL DESCRIPTION | |
| Extent | 127 p. |
| 563 ## - BINDING INFORMATION | |
| Binding note | HB. |
| 650 ## - SUBJECT ADDED ENTRY--TOPICAL TERM | |
| Topical term or geographic name entry element | Law, Criminal Law |
| 9 (RLIN) | 128097 |
| 942 ## - ADDED ENTRY ELEMENTS (KOHA) | |
| Source of classification or shelving scheme | |
| Koha item type | Book |
| Withdrawn status | Lost status | Source of classification or shelving scheme | Damaged status | Not for loan | Permanent Location | Current Location | Date acquired | Total Checkouts | Full call number | Barcode | Date last seen | Date last checked out | Price effective from | Koha item type |
|---|---|---|---|---|---|---|---|---|---|---|---|---|---|---|
| NUST Law School (NLS) | NUST Law School (NLS) | 03/17/2025 | 1 | 345.5491 IQB | NLS-1435 | 11/10/2025 | 09/02/2025 | 03/17/2025 | Book | |||||
| NUST Law School (NLS) | NUST Law School (NLS) | 06/29/2025 | 1 | 345.5491 IQB | NLS-3034 | 01/26/2026 | 09/17/2025 | 06/29/2025 | Book | |||||
| NUST Law School (NLS) | NUST Law School (NLS) | 06/29/2025 | 345.5491 IQB | NLS-3035 | 06/29/2025 | 06/29/2025 | Book | |||||||
| NUST Law School (NLS) | NUST Law School (NLS) | 06/29/2025 | 345.5491 IQB | NLS-3036 | 06/29/2025 | 06/29/2025 | Book |
